000 00641pab a2200205 454500
008 180718b2005 xxu||||| |||| 00| 0 eng d
100 _aLloyd, Cynthia B.
245 _aThe effect of gender differences in primary school access, type, and quality on the decision to enroll in rural Pakistan
260 _c2005
300 _ap.685-710.
362 _aApr
650 _aEducational attendance - Pakistan
650 _aWomen - Pakistan
650 _aPrimary schools - Pakistan
650 _aPrimary schools
700 _aSathar, Zeba A.
700 _aMete, Cem
773 _aEconomic Development and Cultural Change
909 _a65607
999 _c65607
_d65607